|
|
|
|
| LEADER |
00748nta a2200181 i 4500 |
| 001 |
dipl110987 |
| 005 |
20210311151055.0 |
| 008 |
210311s2020 hu om 0|| zxx d |
| 040 |
|
|
|a SZTE Diploma Repozitórium
|b hun
|
| 041 |
|
|
|a zxx
|
| 100 |
1 |
|
|a Schweizer Ildikó
|
| 245 |
1 |
0 |
|a Don Juan-Darstellungen in der deutschsprachigen Literatur des 19. Jahrhunderts. Zur Analyse von E. T. A. Hoffmanns Don Juan und E. Mörikes Mozart auf der Reise nach Prag
|h [elektronikus dokumentum] /
|c Ildikó Schweizer
|
| 260 |
|
|
|c 2020
|
| 650 |
|
4 |
|a Bölcsészettudományok
|
| 650 |
|
4 |
|a Humanities
|
| 650 |
|
4 |
|a Languages and Literature
|
| 700 |
1 |
|
|a Mihály Csilla
|e ths
|
| 856 |
4 |
0 |
|u http://diploma.bibl.u-szeged.hu/id/eprint/110987/1/2020_schweizer_ildiko.pdf
|z Dokumentum-elérés
|